000 02022nam0a2200385 4500
001 RU\NLR\BIBL_A\012511006
005 20251215154017.0
010 _a978-5-4448-1278-5
_91000
021 _aRU
_bКН-П-20-083271
_9КН-П-20-6321
035 _a(NLR Aleph) 012511006
035 _a(RuMoRGB)010524054
090 _a12272422
_c12272422
100 _a20210426d2021 u y0rusy50 ca
101 0 _arus
102 _aRU
105 _aach|z|||001zy
181 0 _ai3
_baxxe
182 0 _an
200 1 _a"Моя стихия - большие внутренние волненья"
_eдневники, 1904-1950
_fАлиса Коонен
_gвступительная статья и комментарии М.В. Хализевой
_gГосударственный институт искусствознания [и др.]
203 _aТекст
_bвизуальный
_cнепосредственный
210 _aМосква
_cНовое литературное обозрение
_d2021 [т.е. 2020]
215 _a765, [3] с., [24] л. ил., цв. ил., портр., факс.
_d25
300 _aКн. фактически изд. в 2020 г.
320 _aБиблиогр. в тексте коммент.: с. 553-746
320 _aУказ. имен: с. 747-765
600 1 _aКоонен
_bА.Г.
_gАлиса Георгиевна
_f1889 - 1974
_jДневники
_3RU\NLR\AUTH\661275592
686 1 _aЩ334.3(2Р=Рус)7-86Коонен
700 1 _aКоонен
_bА. Г.
_f1889-1974
_gАлиса Георгиевна
856 4 _tVIEW
_uhttps://webservices.nlr.ru/viewer/file?name=a012511006_002.txt
_yАннотация
856 4 _tVIEW
_uhttps://webservices.nlr.ru/viewer/file?name=p012511006_003.jpg
_x001
_yСтраница
856 4 1 _tVIEW
_uhttps://webservices.nlr.ru/viewer/file?name=t012511006_001.jpg
_yОбложка
942 _cBOOK
980 _aNB